• 首页
  • 本馆介绍
  • 公告通知
  • 最新文献
  • 馆藏检索
  • 电子资源
  • 读者导购
  • 参考咨询
  • 我的图书馆
  • 登录
  • 期刊详细显示
  • 现刊情况显示
  • 合订本情况显示
  • 篇目信息显示

期刊信息

  • 表格格式
  • 工作单格式
  • 卡片格式
索取号 
G8/COACH
题名 
Scholastic Coach
作者 
分册号 
分册名 
出版地 
NEW YORK
出版者 
SCHOLASTIC INC.
标准刊号 
0036-6382
出版频率 
双月刊
中图法分类 
G8
主题词 
体育
电子资源 
000 00578nas0 2200181 45
001 0733044030
005 20070416091650.96
011    @a0036-6382@d$4.00(1991)
100    @a20070416d km y0chiy0120 ea
101 0  @aeng
200 1  @aScholastic Coach
210    @aNEW YORK@cSCHOLASTIC INC.
300    @aScholastic Coach,incorporating Athletic Journal and Coach and Athlete is published monthly August through April and bimonthly May/June,10issues by Scholastic Inc.
326    @a双月刊
606 0  @a体育
690    @aG8@v4
801  0 @aCN@bPFT@c20070416
905    @aTJWY@dG8@eCOACH
    
    Scholastic Coach.-NEW YORK:SCHOLASTIC INC.
    
    Scholastic Coach,incorporating Athletic Journal and Coach and Athlete is published monthly August through April and bimonthly May/June,10issues by Scholastic Inc.
    
    ISSN 0036-6382:$4.00(1991)
    
●
相关链接: 在易读查询期刊 在中国知网中查询期刊 在万方数据查询期刊 在维普查询期刊
唐山师范学院图书馆 欢迎您!
大连网信软件有限公司© 版权所有